Devises monétaires les plus échangées - Statistiques

Statistiques générales
  • Ce quiz a été pris 57 648 fois
    14 991 depuis la dernière actualisation
  • Le résultat moyen est 17 sur 33
Statistiques - réponses
Réponse % Correct
Euro
100%
Zone Euro
100%
Dollar
99%
Yen
89%
États-Unis
83%
Livre sterling
78%
Japon
76%
Chine
74%
Peso
74%
Canada
71%
Royaume-Uni
67%
Mexique
66%
Australie
64%
Franc
62%
Brésil
56%
Inde
56%
Yuan
55%
Suisse
48%
Roupie
47%
Corée du Sud
44%
Nouvelle-Zélande
41%
Couronne
39%
Afrique du Sud
36%
Suède
35%
Norvège
34%
Won
33%
Réal
29%
Singapour
23%
Taïwan
17%
Pologne
16%
Hong Kong
14%
Złoty
13%
Rand
10%
Aucun quiz correspondant
Distribution des résultats
% des personnes avec chaque résultat
Percentile par nombre de réponses
Votre historique - résultats
Vous n’avez pas pris ce quiz depuis la dernière actualisation